Mercaderes italianos en España (Record no. 101818)

MARC details
000 -LEADER
campo de control de longitud fija 00856nam a2200205 i 4500
001 - NÚMERO DE CONTROL
campo de control 101818
003 - IDENTIFICADOR DE NÚMERO DE CONTROL
campo de control ES-MaACL
005 - FECHA Y HORA DE LA ÚLTIMA TRANSACCIÓN
campo de control 20230906183003.0
007 - CAMPO FIJO DE DESCRIPCIÓN FÍSICA--INFORMACIÓN GENERAL
campo de control de longitud fija t|
008 - DATOS DE LONGITUD FIJA--INFORMACIÓN GENERAL
campo de control de longitud fija 051026s1976 sp ||||1| spa d
100 1# - ENTRADA PRINCIPAL--NOMBRE DE PERSONA
Nombre de persona Melis, Federico.
9 (RLIN) 79977
245 10 - MENCIÓN DEL TÍTULO
Título Mercaderes italianos en España
Resto del título : siglos XIV-XVI, (investigaciones sobre su correspondencia y su contabilidad) /
Mención de responsabilidad, etc. Federico Melis; prólogo de Felipe Ruiz Martín.
260 ## - PUBLICACIÓN, DISTRIBUCIÓN, ETC.
Lugar de publicación, distribución, etc. Sevilla :
Nombre del editor, distribuidor, etc. Universidad,
Fecha de publicación, distribución, etc. 1976.
300 ## - DESCRIPCIÓN FÍSICA
Extensión XXXI, 202 p., 6 lám., 2 h. pleg. ;
Dimensiones 25 cm.
490 1# - MENCIÓN DE SERIE
Mención de serie Anales de la Universidad Hispalense. Ciencias Económicas y Empresariales
-- 8, 1-1976
700 1# - ENTRADA AGREGADA--NOMBRE PERSONAL
Nombre de persona Ruiz Martín, Felipe.
9 (RLIN) 100865
830 0# - PUNTO DE ACCESO ADICIONAL DE SERIE-TÍTULO UNIFORME
Título uniforme Anales de la Universidad Hispalense. Ciencias Económicas y Empresariales
Subcampo de control 8, 1-1976
9 (RLIN) 232501
852 ## - LOCALIZACIÓN
Ubicación ES-MaACL
Número de control de estantería A-6453
Sublocalización o colección R.94958
Holdings
Estatus retirado Estado de pérdida Estado de daño No para préstamo Biblioteca de origen Biblioteca actual Ubicación en estantería Fecha de adquisición Fuente de adquisición Total de préstamos Signatura topográfica completa Código de barras Visto por última vez Precio de reemplazo Tipo de ítem Koha
        Biblioteca del Ateneo de Madrid Biblioteca del Ateneo de Madrid Sala Pecera Planta 1 17/01/2008     A-6453 1106294 23/02/2023 23/02/2023 Libro impreso